Central Library OPAC University of Rajshahi

Literary history of Canada : (Record no. 17592)

MARC details
000 -LEADER
fixed length control field 00811nam a2200241 a 4500
001 - CONTROL NUMBER
control field 17592
003 - CONTROL NUMBER IDENTIFIER
rucl marc code BD-RjUL
005 - DATE AND TIME OF LATEST TRANSACTION
control field 20211209000150.0
008 - FIXED-LENGTH DATA ELEMENTS--GENERAL INFORMATION
fixed length control field 140217r19661965onc b 001 1 eng d
035 ## - SYSTEM CONTROL NUMBER
System control number (BD-RjUL)17650
040 ## - CATALOGING SOURCE
Original cataloging agency DLC
Transcribing agency WSU
Modifying agency SER
-- BD-RjUL
Language of cataloging eng
041 ## - LANGUAGE CODE
Language code of text/sound track or separate title eng
082 00 - DEWEY DECIMAL CLASSIFICATION NUMBER
Classification number 810.9971
Author mark and year LIT 1966
245 00 - TITLE STATEMENT
Title Literary history of Canada :
Remainder of title Canadian literature in English /
Statement of responsibility, etc. general editor: Carl F. Klinck.
260 ## - PUBLICATION, DISTRIBUTION, ETC. (IMPRINT)
Place of publication, distribution, etc. Toronto :
Name of publisher, distributor, etc. University of Toronto Press,
Date of publication, distribution, etc. c1965 [Reprinted 1966].
300 ## - PHYSICAL DESCRIPTION
Pagination xiv, 945 p. ;
Size 25 cm
500 ## - GENERAL NOTE
General note Includes index.
504 ## - BIBLIOGRAPHY, ETC. NOTE
Bibliography, etc "Bibliography and notes": p. [853]-867
650 #0 - SUBJECT ADDED ENTRY--TOPICAL TERM
Topical term or geographic name as entry element Canadian literature
General subdivision History and criticism.
9 (RLIN) 54228
700 1# - ADDED ENTRY--PERSONAL NAME
Personal name Klinck, Carl F.
Fuller form of name (Carl Frederick),
Dates associated with a name 1908-1990.
942 ## - ADDED ENTRY ELEMENTS (KOHA)
Source of classification or shelving scheme Dewey Decimal Classification
Koha item type Books
Holdings
Lost status Source of classification or shelving scheme Damaged status Not for loan Collection code Permanent Location Current Location Shelving location Date acquired Source of acquisition Total Checkouts Full call number Date last seen Copy number Koha item type
  Dewey Decimal Classification   Not For Loan Fiction Central Library, University of Rajshahi Central Library, University of Rajshahi Reading Room 16/07/1968 Canadian High Commissionar   810.9971 LIT 1966 17/02/2014 C-1 Books